|
|
|
|
| LEADER |
01347nam a2200325 a 4500 |
| 001 |
1580140 |
| 008 |
100112s1994 ii a b 001 0 eng d |
| 010 |
|
|
|a 93034804
|
| 020 |
|
|
|a 8170363691 (India-hb)
|
| 020 |
|
|
|a 8170363705 (India-pb)
|
| 020 |
|
|
|a 0803991428 (US-hb)
|
| 020 |
|
|
|a 0803991436 (US-pb)
|
| 040 |
|
|
|a DLC
|c DLC
|d DLC
|d BD-DhAAL
|
| 082 |
0 |
0 |
|a 307.1/4
|2 20
|
| 245 |
0 |
0 |
|a Participatory communication :
|b working for change and development /
|c editors, Shirley A. White with K. Sadanandan Nair, Joseph Ascroft.
|
| 260 |
|
|
|a New Delhi ;
|a Thousand Oaks, Calif. :
|b Sage,
|c c1994.
|
| 300 |
|
|
|a 470 p. :
|b ill. ;
|c 23 cm.
|
| 490 |
1 |
|
|a Communication and human values
|
| 504 |
|
|
|a Includes bibliographical references and index.
|
| 541 |
1 |
|
|e 00010811
|
| 650 |
|
0 |
|a Community development
|z Developing countries
|x Congresses.
|
| 650 |
|
0 |
|a Economic development
|x Congresses.
|
| 650 |
|
0 |
|a Participation
|x Congresses.
|
| 700 |
1 |
|
|a White, Shirley A.,
|d 1931-
|
| 700 |
1 |
|
|a Nair, K. Sadanandan,
|d 1943-
|
| 700 |
1 |
|
|a Ascroft, Joseph R.
|
| 830 |
|
0 |
|a Communication and human values (Newbury Park, Calif.)
|
| 852 |
4 |
|
|a Ayesha Abed Library
|j General shelf
|
| 999 |
|
|
|c 6925
|d 6925
|
| 952 |
|
|
|0 0
|1 0
|2 ddc
|4 0
|6 307_140000000000000_PAR_1994
|7 0
|9 7154
|a BRACUL
|b BRACUL
|c GEN
|d 2010-01-13
|l 1
|m 3
|o 307.14 PAR
|p 3010010811
|r 2011-02-13
|s 2011-01-30
|t 1
|w 2010-01-13
|y BK
|